| 000 | 00629nam a22002057a 4500 | ||
|---|---|---|---|
| 005 | 20160802112013.0 | ||
| 010 | _aENG-115612 | ||
| 020 |
_a9789351436409 _c495.00 |
||
| 035 | _aEN-99144 | ||
| 037 | _bDBAD/PUB | ||
| 082 | _a346.54048 | ||
| 100 | _aGlobal,Altacit | ||
| 245 |
_aIP acquisition in India : _cby Altacit Global _btax & legal aspect / |
||
| 250 | _a. | ||
| 260 |
_aGurgaon _bLexis Nexis _c2016 |
||
| 270 |
_a14th Floor, Building No.10, Tower-B, DLF Cyber City, Phase-II _bGurgaon _e122002 |
||
| 300 |
_axvi,179p. _c24cm(pbk) |
||
| 500 | _aIncludes index | ||
| 942 |
_2ddc _cEN _mGLO _h345.54048 |
||
| 999 |
_c101710 _d101710 |
||